000 00452nam a2200181 i 4500
001 bgj
245 0 0 _aBritish studies now :
_banthology issues 1-5.
260 _bBritish Council,
_c1995.
300 _a110 pp :
_bill. ;
_c24 cm.
650 9 _aBritish studies
655 _aAnthology
020 _a0863552935 (pbk)
040 _cBPK
041 0 _aeng
920 _a0-86355-293-5 (pbk)
942 _cKS
008 s uk f |000 0 eng
999 _c49256
_d49256
856 _uhttp://koha.tu.koszalin.pl/cgi-bin/koha/opac-detail.pl?biblionumber=49256
_yKatalog online BPK